• 首页
  • 本馆介绍
  • 公告通知
  • 最新文献
  • 馆藏检索
  • 电子资源
  • 读者导购
  • 参考咨询
  • 我的图书馆
  • 登录
  • 详细信息显示
  • 放入我的书架
  • 预约/预借图书
  • 作者相关作品
  • 分类相关作品
  • 丛书相关作品
  • 出版社相关作品

书目信息

  • 表格格式
  • 工作单格式
  • 卡片格式
题名:
电影电视剧音乐分析教程
    
 
作者: 曾田力 , 雷伟 著
分册:  
出版信息: 北京   中国传媒大学出版社  2006
页数: 308页
开本: 21cm
丛书名:
单 册:
中图分类: J617.6
科图分类:
主题词: 电视剧--音乐--研究--教材 , 电影音乐 , 电影音乐--研究--教材 , 音乐 , 电视剧
电子资源:
ISBN: 7-81085-773-8
000 01033nam0 2200289 450
001 003280322
005 20070803112906.17
010    @a7-81085-773-8@dCNY30.00
100    @a20060426d2006 em y0chiy0110 ea
101 0  @achi
102    @aCN@b110000
105    @aag z 000yy
200 1  @a电影电视剧音乐分析教程@9dian ying dian shi ju yin yue fen xi jiao cheng@f曾田力,雷伟著
210    @a北京@c中国传媒大学出版社@d2006
215    @a308页@c图@d21cm
300    @a21世纪传媒音乐专业系列教材/曾遂今,曾田力主编
330    @a本书共分三部分。第一部分主要从横向的知识体系角度探讨了影视剧音乐的本体构成和美学特质;第二部分主要从纵向的历史发展角度探讨了电影音乐的风格演变;第三部分简要介绍了一些知名的电影音乐作曲家。
606 0  @a电视剧@x音乐@x研究@j教材
606 0  @a电影音乐
606 0  @a电影音乐@x研究@j教材
606 0  @a音乐
606 0  @a电视剧
690    @aJ617.6@v4
701  0 @a曾田力@9zeng tian li@c(女)@4著
701  0 @a雷伟@9lei wei@c(大学教师)@4著
801  0 @aCN@bNLC@c20070803
905    @a10447@dJ617.6@e492
    
    电影电视剧音乐分析教程/曾田力,雷伟著.-北京:中国传媒大学出版社,2006
    308页:图;21cm
    21世纪传媒音乐专业系列教材/曾遂今,曾田力主编
    
    ISBN 7-81085-773-8:CNY30.00
    本书共分三部分。第一部分主要从横向的知识体系角度探讨了影视剧音乐的本体构成和美学特质;第二部分主要从纵向的历史发展角度探讨了电影音乐的风格演变;第三部分简要介绍了一些知名的电影音乐作曲家。
●
相关链接 在E读中查询图书 在五车中查询图书 在当当中查询图书 在豆瓣中查询图书


正题名:电影电视剧音乐分析教程     索取号:J617.6/492         预约/预借

序号 登录号 条形码 馆藏地/架位号 状态 备注
1 0801990   208019909   第一样本阅览室/ [索取号:J617.6/492] 在馆    
唐山师范学院图书馆 欢迎您!
大连网信软件有限公司© 版权所有